[Event "Budapest Spring Festival 2018"]
[Site "Budapest"]
[Date "2018.04.26"]
[Round "9"]
[White "Tica, Sven"]
[Black "Veinberg, Nimrod"]
[Result "0-1"]
[WhiteElo "2442"]
[BlackElo "2368"]
[Annotator "TA"]
[PlyCount "84"]
[EventDate "2018.??.??"]
[EventType "swiss"]
[EventCountry "HUN"]
[SourceTitle "playchess.com"]
[Source "ChessBase"]
[SourceQuality "1"]

{[%evp 30,84,14,12,17,16,73,68,71,67,67,54,60,47,57,0,0,0,0,0,0,0,0,0,0,0,0,0,0,0,0,-4,0,-41,0,0,-5,-18,-25,-41,0,0,0,0,0,0,0,-123,-23,-267,-256,-557,-550,-557,-535,-528,-528]} 1. d4 Nf6 2. c4 e6 3. g3 d5 4. Bg2 Be7 5. Nf3 O-O 6. O-O dxc4 7. Ne5 Nc6 8. Nxc6 bxc6 9. Na3 Bxa3 10. bxa3 Ba6 11. Qd2 Bc8 12. Qd1 Ba6 13. Qd2 {E05: Open Catalan: 5 Nf3 Be7} Rb8 14. Qa5 Rb6 15. a4 Qd6 16. e4 {[#] LiveBook: 6 Games. Strongly threatening e5.} (16. Rd1 Nd5 17. e4 Qb4 18. Qxb4 Nxb4 19. Bf4 Nd3 20. Bxc7 Rb2 {0-1 (59) Iturrizaga Bonelli,E (2650)-Dominguez Perez,L (2739) chess.com INT 2018}) 16... Qe7 17. Qc3 Qd7 $146 (17... Qb4 $11 18. Qxb4 Rxb4) ({Predecessor:} 17... Rfb8 18. Ba3 Qd8 19. Bc5 Rb2 20. Bxa7 R8b7 {1-0 (42) Kuzmin,Y (2307)-Langrock,H (2405) Marianske Lazne 2017}) 18. Ba3 $16 {[%mdl 1024] White has strong compensation.} Ra8 19. Bc5 Rbb8 20. f4 Re8 21. Qa5 Qc8 $1 22. f5 ({White should play} 22. Rab1 $14) 22... c3 23. fxe6 Bxf1 24. exf7+ Kxf7 25. Rxf1 {And now e5 would win.} Kg8 $1 ({Not} 25... Kg6 $2 26. Qxc3 (26. e5 Nd5 $16) 26... Qd7 27. Qc2 $18) 26. Qxc3 Nxe4 27. Bxe4 Rxe4 28. Rf8+ Qxf8 29. Bxf8 Rxf8 30. Qxc6 Rxd4 31. Qxc7 $11 {[%mdl 4096] Endgame KQ-KRR} Rd2 32. h4 Kh8 33. h5 {Hoping for h6.} h6 ({Wrong is} 33... Rxa2 $2 34. h6 $18) 34. a3 Kh7 35. a5 a6 36. a4 Kh8 37. Qc3 Rfd8 38. Kf1 {[#]} (38. Qc7 $11) 38... Rh2 ({Black should try} 38... R2d5 $1 $17 39. Qc7 Rf8+ 40. Kg1 Rxh5) 39. Kg1 $2 (39. Qf3 $11 {and White is okay.}) 39... Rxh5 $19 40. Kg2 $2 (40. Qc7 {is a better chance.} Rhd5 41. Qe7) 40... Rd6 {Black is clearly winning.} 41. Qc7 Rg6 42. Kf3 Rhg5 {Precision: White = 44%, Black = 67%.} 0-1

[Event "Budapest Spring Festival 2018"]
[Site "Budapest"]
[Date "2018.04.26"]
[Round "9"]
[White "Hauge, Lars Oskar"]
[Black "Anand Nadar"]
[Result "1-0"]
[WhiteElo "2441"]
[BlackElo "2359"]
[Annotator "TA"]
[PlyCount "47"]
[EventDate "2018.??.??"]
[EventType "swiss"]
[EventCountry "HUN"]
[SourceTitle "playchess.com"]
[Source "ChessBase"]
[SourceQuality "1"]

{[%evp 14,47,54,49,105,55,223,212,204,241,239,221,370,375,414,385,416,416,422,418,422,422,422,422,547,512,558,541,579,665,655,585,1303,1172,1607,1575]} 1. d4 Nf6 2. Bg5 Ne4 3. h4 c5 4. d5 Qb6 5. Nd2 Nxg5 (5... h6 6. Bf4 Qxb2 7. Nxe4 Qb4+ 8. Qd2 Qxe4 9. f3 Qd4 10. c3 Qxd2+ 11. Kxd2 d6 12. e4 Nd7 13. h5 {1-0 (37) Triapishko,O (2531)-Kokarev,D (2616) Taganrog 2018}) 6. hxg5 {A45: Trompowsky Attack} Qxb2 7. g6 fxg6 8. e3 {[%cal Be2e3,Be3e4][%mdl 32] LiveBook: 6 Games. White is slightly better.} d6 ({Black should try} 8... e6 $14) 9. Bd3 Bf5 $2 {[#]} (9... Na6 $14) 10. Rb1 $1 $18 {[%cal Rb1b2]} Qxa2 11. e4 Bd7 $146 {[#]} ({Predecessor:} 11... Bc8 12. Nc4 b5 13. Ra1 Qxa1 14. Nxd6+ exd6 15. Bxb5+ {1-0 (35) Timerkhanov,A (1961)-Tsarukian,E (2167) Kirov 2014}) 12. Nc4 $1 Qa4 (12... Qa6 {was worth a try.}) 13. Ne2 {[%cal Bg1e2,Be2f4,Bf4e6][%mdl 32]} ({Less strong is} 13. Rxb7 Na6 $14) 13... b5 14. Ra1 bxc4 15. Rxa4 Bxa4 16. Bxc4 Nd7 17. Nf4 {White is clearly winning.} Ne5 18. Be2 Rb8 19. Ne6 Rb4 20. f4 Nc4 21. Bxc4 Rxc4 22. Qd3 Rxc2 {intending ...Rc1+.} 23. O-O c4 24. Qa3 {Precision: White = 91%, Black = 17%.} 1-0

[Event "Budapest Spring Festival 2018"]
[Site "Budapest"]
[Date "2018.04.26"]
[Round "9"]
[White "Gavrilescu, David"]
[Black "Nguyen, Van Thanh"]
[Result "1/2-1/2"]
[WhiteElo "2436"]
[BlackElo "2352"]
[Annotator "TA"]
[PlyCount "46"]
[EventDate "2018.??.??"]
[EventType "swiss"]
[EventCountry "HUN"]
[SourceTitle "playchess.com"]
[Source "ChessBase"]
[SourceQuality "1"]

{[%evp 20,46,3,4,33,33,63,29,30,31,29,22,13,0,21,19,26,7,18,2,14,-2,0,-50,-54,-79,-76,-72,-77]} 1. e4 e6 2. d4 d5 3. Nd2 Be7 4. Ngf3 Nf6 5. Bd3 c5 6. exd5 Qxd5 7. dxc5 Qxc5 {C03: French Tarrasch: Unusual Black 3rd moves} 8. O-O Nbd7 9. a4 Qc7 10. Nb3 O-O 11. a5 {LiveBook: 6 Games} Nc5 12. Nxc5 Qxc5 13. Qe2 $146 ({Predecessor:} 13. Be3) 13... Bd7 14. Ne5 Rfd8 15. Nxd7 Rxd7 16. Ra4 Rd5 17. Bd2 Qc7 18. Re1 Rad8 19. Rc4 Rc5 {[#] Threatens to win with ...Rxc4.} 20. Rh4 g6 21. a6 bxa6 22. Bb4 Rh5 23. Rxh5 Bxb4 ({Much weaker is} 23... Nxh5 24. Bxe7 Qxe7 25. Bxa6 $11) 1/2-1/2

[Event "Budapest Spring Festival 2018"]
[Site "Budapest"]
[Date "2018.04.26"]
[Round "9"]
[White "Barski, Radoslaw"]
[Black "Szabo, Marton Mihaly"]
[Result "1/2-1/2"]
[WhiteElo "2432"]
[BlackElo "2281"]
[Annotator "TA"]
[PlyCount "103"]
[EventDate "2018.??.??"]
[EventType "swiss"]
[EventCountry "HUN"]
[SourceTitle "playchess.com"]
[Source "ChessBase"]
[SourceQuality "1"]

{[%evp 25,103,26,27,23,40,29,43,41,61,40,46,42,66,27,74,43,35,43,31,20,15,-12,0,0,2,3,19,0,0,-31,0,0,0,0,9,9,9,5,5,3,26,18,43,50,57,46,68,0,0,0,34,34,34,34,41,41,41,41,65,65,65,65,98,8,8,7,0,0,20,0,0,0,0,0,0,0,0,0,0,0]} 1. c4 c5 2. Nc3 Nc6 3. Nf3 g6 4. e3 Nf6 5. d4 cxd4 6. exd4 d5 7. cxd5 Nxd5 8. Qb3 e6 9. Bb5 Bg7 10. O-O {A35: Symmetrical English: 2 Nc3 Nc6 3 Nf3} O-O 11. Bxc6 bxc6 12. Na4 (12. Re1 Qd6 13. Ne4 Qb4 14. Qc2 a5 15. a3 Qb6 16. Nc5 Re8 17. Ne5 f6 {1-0 (33) Giri,A (2752)-Mamedyarov,S (2804) Wijk aan Zee 2018}) 12... Ba6 13. Re1 Nb6 {LiveBook: 14 Games} 14. Bg5 Qd6 15. Rac1 $146 ({Predecessor:} 15. Nc5 Bc4 16. Qe3 Bd5 17. Ne4 Bxe4 18. Qxe4 {0-1 (29) Virtanen,A (2285)-Luukkonen,T (2348) Finland 2017}) 15... Nxa4 16. Qxa4 Bb5 17. Qd1 Qb4 18. b3 h6 19. Be3 Rad8 20. a4 Ba6 {[%cal Bb5a6,Ba6b7,Bb7d5][%mdl 32]} 21. Rxc6 Bb7 22. Rc4 Qb6 23. Rc5 (23. d5 $5 {[%cal Re3b6]} Qa6 24. d6 $11) 23... Bd5 24. Nd2 Qb7 25. f3 Rfe8 26. Qc2 e5 27. Rb5 Qd7 (27... Qc6 {is interesting.} 28. Qxc6 Bxc6 29. Rc5 exd4 30. Bf2 Rxe1+ 31. Bxe1 Bd5) 28. dxe5 Rxe5 29. Nc4 $36 {[%mdl 2048] White has good play.} Bxc4 30. Rxe5 {[#] Hoping for Ra5.} Bxb3 $1 31. Qxb3 Bxe5 32. Bxh6 Qd6 33. Kh1 Rb8 34. Qe3 Bd4 35. Qe4 Qb4 36. h4 ({White should play} 36. Bf4 $14 Rd8 37. Bc7) 36... Bf2 $11 37. Bf4 Bxe1 38. Bxb8 Qxb8 39. Qxe1 {[%mdl 4096] Endgame KQ-KQ} Qf4 40. Qe4 Qc1+ 41. Kh2 Qc8 42. Qd4 Qc7+ 43. Kh3 Qc8+ 44. g4 (44. Qg4 $16 Qc1 45. h5) 44... a6 {The position is equal.} 45. Qd5 Qc1 $1 46. a5 Kg7 47. g5 Qg1 48. Qe5+ Kg8 49. f4 Qf1+ 50. Kg3 Qd3+ 51. Kf2 Qd2+ 52. Kf3 {Precision: White = 55%, Black = 49%.} 1/2-1/2

[Event "Budapest Spring Festival 2018"]
[Site "Budapest"]
[Date "2018.04.26"]
[Round "9"]
[White "Yankelevich, Lev"]
[Black "Pratyusha, Bodda"]
[Result "1-0"]
[WhiteElo "2411"]
[BlackElo "2177"]
[Annotator "TA"]
[PlyCount "63"]
[EventDate "2018.??.??"]
[EventType "swiss"]
[EventCountry "HUN"]
[SourceTitle "playchess.com"]
[Source "ChessBase"]
[SourceQuality "1"]

{[%evp 21,63,9,14,0,0,0,0,0,0,-4,13,16,16,19,16,16,20,0,41,5,8,0,13,6,8,22,7,12,49,41,54,43,104,79,97,97,105,94,95,100,370,364,350,330]} 1. d4 Nf6 2. c4 e6 3. Nf3 d5 4. g3 Be7 5. Bg2 O-O 6. O-O dxc4 7. Qc2 a6 8. a4 Bd7 9. Bg5 {E05: Open Catalan: 5 Nf3 Be7} (9. Qxc4 Bc6 10. Bf4 Bd6 11. Bg5 Nbd7 12. Nc3 h6 13. Bc1 a5 14. b3 Qe7 15. Bb2 Rfd8 16. Rac1 Ba3 17. Bxa3 Qxa3 18. Nb5 Qe7 19. Qc2 Bxf3 20. Bxf3 {½-½ (31) Ding,L (2769)-Mamedyarov,S (2809) Berlin 2018}) 9... Bc6 10. Rd1 a5 11. Nbd2 Na6 {LiveBook: 5 Games} 12. Bxf6 Bxf6 13. Nxc4 Nb4 {[#]} 14. Qd2 $146 ({Predecessor:} 14. Qc1 g6 15. e3 Qe8 16. b3 Qe7 {½-½ (41) Burmakin,V (2585)-Gavrilov,A (2452) Boeblingen 2013}) 14... Qe7 15. Nce5 Bxe5 16. Nxe5 Bxg2 17. Kxg2 Rfd8 18. Qc3 Rac8 19. Rac1 c5 {White must now prevent ...Na2.} 20. Qc4 {[%cal Rd4c5]} (20. dxc5 f6 $11) 20... b6 21. Qb5 Qb7+ ({Don't blunder} 21... Rxd4 $2 22. Rxd4 Qb7+ 23. f3 $18) ({But not} 21... cxd4 22. Rxc8 Rxc8 23. Rxd4 $14) 22. Nf3 {[%cal Rd4c5]} cxd4 23. Rxc8 Rxc8 24. Rxd4 Nd5 25. e4 $36 {[%mdl 2048] White is pushing.} Nf6 26. b4 axb4 (26... Qa7 $14) 27. a5 $1 $16 {[%cal Ba4a5,Ba5a6,Ba6a7][%mdl 32]} h6 28. Rxb4 Nxe4 29. Qxb6 Qa8 {[#]} 30. a6 $1 Ng5 $2 {[%mdl 8192]} (30... Nxf2 $16 31. Qxf2 Qxa6) 31. Qb7 $18 Nxf3 {[#]} 32. a7 $1 {Precision: White = 72%, Black = 48%.} ({Not} 32. Kxf3 Rb8 $16) 1-0

[Event "Budapest Spring Festival 2018"]
[Site "Budapest"]
[Date "2018.04.26"]
[Round "9"]
[White "Erenberg, Ariel"]
[Black "Pranav Anand"]
[Result "1/2-1/2"]
[WhiteElo "2406"]
[BlackElo "2158"]
[Annotator "NA"]
[PlyCount "51"]
[EventDate "2018.??.??"]
[EventType "swiss"]
[EventCountry "HUN"]
[SourceTitle "playchess.com"]
[Source "ChessBase"]
[SourceQuality "1"]
[TimeControl "40/5400+30:1800+30"]

1. d4 Nf6 2. c4 e6 3. Nf3 d5 4. Nc3 Be7 5. g3 dxc4 {E01: Catalan: Early deviations} (5... O-O 6. Bg2 dxc4 7. Ne5 Nc6 8. Bxc6 bxc6 9. Nxc6 Qe8 10. Nxe7+ Qxe7 11. Qa4 c5 12. dxc5 Qxc5 13. Be3 Qc7 14. O-O Nd5 15. Bd4 Bd7 16. Qa3 a5 17. Rad1 Nb4 18. Bc5 Qxc5 19. Rxd7 Rab8 {½-½ (46) Svidler,P (2763)-Nakamura,H (2780) Palma de Mallorca 2017}) 6. Qa4+ Nbd7 {[%emt 0:05:36]} 7. Qxc4 {[%emt 0:07:07]} a6 {[%emt 0:03:31]} 8. a4 {[%emt 0:01:32]} O-O {[%emt 0:10:44]} 9. Bg2 {[%emt 0:10:22]} b5 $146 {[%emt 0:02:17]} ({Predecessor:} 9... c5 10. a5 cxd4 11. Qxd4 Nc5 12. Qc4 e5 13. Ng5 h6 14. b4 Qd4 15. Qxd4 exd4 16. bxc5 dxc3 {1-0 (54) Jablonicky,F (2107)-Sahidi,S (1856) Senica 2013}) 10. Qd3 {[%emt 0:09:39]} Bb7 {[%emt 0:16:14]} 11. axb5 {[%emt 0:00:07]} axb5 {[%emt 0:06:05]} 12. Rxa8 {[%emt 0:00:11]} Qxa8 {[%emt 0:00:02]} 13. Qxb5 {[%emt 0:00:18]} Bc6 {[%emt 0:01:42]} 14. Qc4 {[%emt 0:05:57]} e5 {[%emt 0:03:18]} 15. O-O {[%emt 0:08:13]} Nb6 {[%emt 0:03:42]} 16. Qa2 {[%emt 0:00:15]} Qxa2 {[%emt 0:01:47]} 17. Nxa2 {[%emt 0:00:11]} Bxf3 {[%emt 0:00:12]} 18. Bxf3 {[%emt 0:00:30]} exd4 {[%emt 0:00:25]} 19. Rd1 {[%emt 0:01:03]} c5 {[%emt 0:01:24]} 20. e3 {[%emt 0:00:42]} dxe3 {[%emt 0:02:19]} 21. Bxe3 {[%emt 0:00:11]} Nc4 {[%emt 0:00:36]} 22. Bc1 {[%emt 0:04:52]} Rb8 {[%emt 0:00:57]} 23. Re1 {[%emt 0:00:55]} Bd6 {[%emt 0:01:28]} 24. Re2 {[%emt 0:01:15]} Ne5 $11 {[%emt 0:02:57]} 25. Bg2 {[%emt 0:03:41]} Nd3 {[%emt 0:01:05]} 26. Rc2 {[%emt 0:03:39]} 1/2-1/2

[Event "Budapest Spring Festival 2018"]
[Site "Budapest"]
[Date "2018.04.26"]
[Round "9"]
[White "Beshukov, Sergei"]
[Black "Onischuk, Vladimir"]
[Result "0-1"]
[WhiteElo "2389"]
[BlackElo "2630"]
[Annotator "TA"]
[PlyCount "174"]
[EventDate "2018.??.??"]
[EventType "swiss"]
[EventCountry "HUN"]
[SourceTitle "playchess.com"]
[Source "ChessBase"]
[SourceQuality "1"]

{[%evp 18,174,30,25,54,27,23,20,33,10,17,10,18,20,11,16,30,5,15,12,9,-10,-11,-18,-15,-15,-15,-15,-15,-15,-15,-16,-16,-31,-31,-37,-22,-50,-26,-36,-11,-5,-6,-4,-8,-8,-8,-9,0,-4,-5,-5,-6,-10,-6,-14,0,0,0,0,0,0,0,0,0,0,0,0,0,0,0,0,0,0,0,0,0,-9,-8,-8,-18,-61,0,-6,0,-14,0,0,0,0,0,0,0,-20,-18,-15,-12,-193,0,0,0,-182,-39,-47,-47,-47,-39,-164,-181,-378,-366,-391,-194,-422,-353,-572,-49,-556,-564,-578,-577,-540,-170,-5189,-4879,-4132,-4745,-5585,-5081,-29942,-29943,-29942,-29948,-29945,-1117,-506,0,-29944,-29942,-29949,-29950,-29962,-29963,-29961,-29959,-29963,-29965,-29974,-29977,-29976,-29977,-29978,-29979,-29980,-29980,-29980,-29981,-29981,-29981]} 1. Nf3 g6 2. g3 Bg7 3. Bg2 Nf6 4. b3 O-O 5. Bb2 d6 6. d4 c6 7. O-O Nbd7 8. c4 Qc7 9. Nc3 Re8 10. e3 {LiveBook: 4 Games. E60: King's Indian: Unusual lines and Fianchetto Variation without Nc3} (10. e4 e5 11. h3 b6 12. d5 cxd5 13. cxd5 Ba6 14. Re1 Nc5 15. Bf1 Bxf1 16. Kxf1 Rec8 17. Kg2 a6 18. Qe2 {1-0 (57) Skoberne,J (2563)-Onischuk,V (2632) Batumi 2018}) 10... b6 {[%cal Bb7b6,Bb6b5,Bb5b4][%mdl 32]} 11. Qc2 $146 ({Predecessor:} 11. Rc1 Bb7 12. Re1 e5 13. Qc2 Rad8 14. Red1 Qc8 15. Ba3 Bf8 16. dxe5 dxe5 17. Bxf8 Rxf8 {½-½ (30) Zpevak,P (2390)-Sabol,M (2343) Czechia 2010}) 11... Bb7 12. Rad1 {White has an edge.} a6 13. Qb1 b5 14. Nd2 Rad8 15. Rc1 Qb8 16. Rfd1 Qa8 17. e4 e5 18. d5 b4 19. dxc6 Bxc6 20. Nd5 Qb7 21. a3 a5 $1 22. axb4 axb4 23. Qc2 Nc5 24. Ra1 Rc8 25. Bh3 Ra8 26. Bg2 Kf8 27. f3 Bd7 28. Kh1 Rec8 (28... Kg8 {keeps more tension.} 29. Bf1 h5 30. Be2 Bc6 31. Rf1 Rxa1 32. Rxa1 Nfd7) 29. Rxa8 Rxa8 30. Nxf6 Bxf6 31. Nf1 Be7 32. Ne3 Bc6 33. Nd5 Bxd5 34. cxd5 Ra2 35. Bf1 Bg5 36. Re1 $1 Qa7 37. Bc4 Nd7 38. Re2 Be3 39. Bd3 Bc5 40. Kg2 Ra5 41. Qd2 Kg7 42. h4 Nf6 43. Bc1 Ra1 44. Qh6+ Kg8 45. Rc2 Ra2 46. Qd2 Rxc2 47. Qxc2 Be3 48. Bxe3 Qxe3 49. Bc4 g5 (49... Nd7 $15) 50. hxg5 $11 Qxg5 51. Qf2 Nh5 52. Kh2 Qc1 53. Kg2 Kg7 54. Kh2 Nf6 55. Kg2 Nd7 56. Qa7 Qd2+ 57. Qf2 $2 (57. Kf1 $11 {and White has nothing to worry.} Nc5 58. Qe7) 57... Qc3 $2 (57... Qxf2+ $1 $19 58. Kxf2 Nc5) 58. Qa7 Qd2+ $2 (58... Qc2+ $11 59. Kh3 Nc5) 59. Qf2 $19 Qd4 (59... Qxf2+ $1 $19 60. Kxf2 Nc5) 60. Qe1 Nc5 61. Qe2 h6 62. Kh2 (62. Qa2 $15) 62... Qc3 63. Qd1 $2 (63. f4) 63... Qb2+ 64. Kg1 Kg6 (64... h5 $142 65. Kf1 Kg6) 65. Kf1 $2 (65. Qe1 Qc3 66. Kf2) 65... h5 66. Qe2 $2 (66. Kg1 {only move.} Kg7 67. Kf1) 66... Qc1+ $2 ({Better is} 66... Qxe2+ $19 67. Kxe2 f5) 67. Kf2 $2 {[%mdl 8192] [#]} ({White must play} 67. Kg2 $15) 67... Qh1 $1 {[%cal Rh1h2]} 68. Qf1 Qxf1+ 69. Kxf1 {[%mdl 4096] Endgame [#] KB-KN} h4 $1 {[%mdl 512]} 70. Kg2 $2 (70. gxh4 Kh5 71. Ke2) 70... hxg3 71. Kxg3 Kg5 72. Kg2 f5 73. exf5 Kxf5 74. Kf2 Kf4 75. Ke2 Nd7 (75... e4 $142 76. fxe4 Kxe4 77. Kd2 Kd4 78. Kc2 Ne4 79. Kb2 Nc3 80. Kc2 Nxd5 81. Kd2 Nc3 82. Bf7 Ne4+ 83. Kc2 Ke3 84. Bg8 Nf6 85. Bf7 d5 86. Kc1 d4 87. Bg6 d3 88. Bf7 d2+ 89. Kd1 Ne4 90. Kc2 Nf2 91. Bh5 {[#]} d1=Q+ $1 {[%mdl 512]} 92. Bxd1 Nxd1 93. Kxd1 Kd3 94. Ke1 Kc3 95. Kf2 Kxb3 96. Ke2 Kc4 97. Kd1 b3 98. Kd2 Kd4 99. Kd1 Kd3 100. Kc1 Kc3 101. Kd1 b2 102. Ke1 b1=Q+ 103. Kf2 Kd2 104. Kf3 Qf5+ 105. Kg3 Ke3 106. Kh4 Qg6 107. Kh3 Kf3 108. Kh4 Qh6#) 76. Bb5 Nc5 (76... Nf6 $19 77. Bc6 e4 78. fxe4 Kxe4) 77. Bc4 e4 {Black mates.} 78. fxe4 Kxe4 79. Kd2 Kd4 80. Kc2 Ne4 81. Bd3 Kxd5 82. Bc4+ Kd4 83. Ba6 Ke3 84. Bb7 Nc3 85. Ba6 d5 {[%cal Bd6d5,Bd5d4][%mdl 32]} 86. Bd3 d4 87. Ba6 Ne4 {Precision: White = 48%, Black = 56%.} 0-1

[Event "Budapest Spring Festival 2018"]
[Site "Budapest"]
[Date "2018.04.26"]
[Round "9"]
[White "Secheres, Adrian-Simion"]
[Black "Antal, Gergely"]
[Result "1-0"]
[WhiteElo "2377"]
[BlackElo "2534"]
[Annotator "TA"]
[PlyCount "78"]
[EventDate "2018.??.??"]
[EventType "swiss"]
[EventCountry "HUN"]
[SourceTitle "playchess.com"]
[Source "ChessBase"]
[SourceQuality "1"]

{[%evp 25,78,8,37,48,75,85,90,87,92,97,90,104,91,88,102,92,162,145,156,75,64,30,33,4,13,0,0,0,0,0,0,-4,-3,-4,-6,-2,0,0,0,0,0,0,0,0,0,0,14,0,0,0,0,0,0,0,7]} 1. e4 c6 2. d4 d5 3. Nd2 dxe4 4. Nxe4 Bf5 5. Ng3 Bg6 6. h4 h6 7. Nf3 Nd7 8. h5 Bh7 9. Bd3 Bxd3 10. Qxd3 e6 11. Bd2 Ngf6 12. O-O-O Bd6 13. Kb1 {B19: Classical Caro-Kann: 4...Bf5 main line} Bc7 {LiveBook: 5 Games} 14. Rde1 Qe7 15. Nf5 {White is better.} Qf8 16. Qb3 $1 {[%cal Rb3b7]} O-O-O 17. Bb4 $1 {[%cal Rb4f8]} c5 18. dxc5 Nxc5 19. Qa3 {[#]} Bb6 $146 {[#]} ({Predecessor:} 19... b6 20. N5d4 a5 21. Bxc5 Qxc5 22. Qxc5 bxc5 {½-½ (54) Sethuraman,S (2622)-Lalith,B (2547) Kottayam 2014}) 20. Ne3 $1 Nd5 (20... Kb8 $16) 21. Nxd5 $18 Rxd5 {[#]} 22. Ne5 (22. c4 $142 $1 {[%cal Rc4d5]} Rd7 23. Ne5) 22... Qe7 $16 23. Nc4 Rhd8 $1 24. Nxb6+ axb6 {The position is equal.} 25. Qf3 Qd7 26. a3 f6 27. Qe3 e5 28. f4 Qg4 29. fxe5 Rxe5 30. Qf3 $132 {[%mdl 2048] White is not keeping still} Qxf3 31. gxf3 Rdd5 32. Rxe5 Rxe5 $11 {[%mdl 4096] Endgame KRB-KRN} 33. f4 Rd5 34. Bxc5 bxc5 {KR-KR} 35. Rg1 Rd7 36. b4 cxb4 37. axb4 Kc7 38. Kb2 Kc6 39. c4 Rd4 {[%mdl 32768] Precision: White = 61%, Black = 56%. . Loss on Time!?} 1-0

[Event "Budapest Spring Festival 2018"]
[Site "Budapest"]
[Date "2018.04.26"]
[Round "9"]
[White "Sankalp Gupta"]
[Black "Torma, Robert"]
[Result "1-0"]
[WhiteElo "2374"]
[BlackElo "2473"]
[Annotator "TA"]
[PlyCount "67"]
[EventDate "2018.??.??"]
[EventType "swiss"]
[EventCountry "HUN"]
[SourceTitle "playchess.com"]
[Source "ChessBase"]
[SourceQuality "1"]

{[%evp 21,67,18,21,14,14,12,13,8,25,22,43,43,41,32,21,27,25,31,43,18,20,13,24,12,20,17,10,14,45,15,33,33,27,0,0,0,0,0,0,0,0,0,68,66,302,293,302,295]} 1. e4 e6 2. d4 d5 3. Nd2 Be7 4. Bd3 c5 5. dxc5 Nf6 6. Qe2 O-O 7. Ngf3 {C03: French Tarrasch: Unusual Black 3rd moves} a5 8. O-O Na6 9. e5 Nd7 10. c4 (10. c3 Naxc5 11. Bb5 f6 12. exf6 Bxf6 13. Nb3 Nxb3 14. axb3 e5 15. Bxd7 Bxd7 16. Nxe5 {1-0 (45) Zhigalko,S (2652)-Shirov,A (2673) Baku 2016}) 10... Naxc5 11. Bc2 f6 {LiveBook: 11 Games} 12. cxd5 exd5 13. Nb3 fxe5 14. Nxe5 Nxe5 15. Qxe5 Ra6 $146 16. Nxc5 Bxc5 17. Bg5 Qd6 18. Qxd6 Bxd6 19. Rad1 Be6 20. Rfe1 Bc5 21. Be3 Rc8 22. Bd3 Rb6 23. Bxc5 Rxc5 24. Rd2 d4 25. a3 Bf5 26. Bxf5 Rxf5 $14 {[%mdl 4096] Endgame KRR-KRR} 27. Re7 Rd5 28. f3 Kf8 29. Rc7 Rb3 30. Kf2 b5 31. Ra7 d3 (31... a4 $1 $11) 32. Rxa5 Rxb2 $2 (32... Rc5 $14) 33. Rxb2 $18 (33. Ra8+ Kf7 $16) 33... d2 {[#]} 34. Rb1 $1 {Precision: White = 63%, Black = 55%.} ({Not} 34. Ra8+ Kf7 $16) 1-0

[Event "Budapest Spring Festival 2018"]
[Site "Budapest"]
[Date "2018.04.26"]
[Round "9"]
[White "Spalir, Jernej"]
[Black "Rakotomaharo, Fy Antenaina"]
[Result "1/2-1/2"]
[WhiteElo "2363"]
[BlackElo "2415"]
[Annotator "TA"]
[PlyCount "50"]
[EventDate "2018.??.??"]
[EventType "swiss"]
[EventCountry "HUN"]
[SourceTitle "playchess.com"]
[Source "ChessBase"]
[SourceQuality "1"]

{[%evp 16,50,14,4,40,45,39,22,46,59,66,38,51,33,30,22,38,37,27,0,13,12,26,12,24,26,35,24,16,0,0,0,0,0,0,0,0]} 1. d4 Nf6 2. c4 e6 3. Nf3 b6 4. g3 Bb7 5. Bg2 Bb4+ 6. Bd2 a5 7. O-O O-O 8. Nc3 Ne4 9. Rc1 {LiveBook: 5 Games. E16: Queen's Indian: 4 g3 Bb7 5 Bg2 Bb4+} (9. Nxe4 Bxe4 10. Bf4 Be7 11. d5 Bf6 12. Qd2 Na6 13. Rad1 Nc5 14. b3 d6 15. Bh3 e5 16. Be3 h6 {½-½ (47) Sargissian,G (2667)-Lysyj,I (2578) Mainz 2007}) 9... d5 10. cxd5 exd5 11. Ne5 $146 {White is slightly better.} ({Predecessor:} 11. Bf4 Re8 12. Bxc7 Nxc3 13. bxc3 Qxc7 14. cxb4 Qe7 15. b5 Qxe2 16. Qxe2 Rxe2 {1-0 (27) Filguth,R (2380)-Dos Santos,H Brasilia 1985}) 11... Nxd2 12. Qxd2 c6 13. Rfd1 Nd7 14. Nxd7 Qxd7 15. Qc2 Rab8 16. e4 Rfd8 17. exd5 cxd5 18. Qb3 Bc6 19. Re1 Bf8 20. Re5 {[%cal Rc3d5]} a4 21. Qc2 Rbc8 22. Qe2 {The position is equal.} Bd6 23. Re3 Bf8 24. Re5 Bd6 25. Re3 Bf8 {Precision: White = 53%, Black = 45%.} 1/2-1/2